000 00959nam a2200217Ia 4500
999 _c39412
_d39412
001 6003
003 GE_BSU
005 20190517160439.0
008 181216s||||||||xx |||||||||||||| ||und||
040 _cGE_BSU
041 _ageo
080 _a66:658(075.8) გ-24
100 _aგაჩეჩილაძე, თ.
_91316
245 _aქიმიურ საწარმოთა ორგანიზაცია და დაგეგმვა :
_bსახელმძღვ. /
_cთ გაჩეჩილაძე ; რედ. ალ. ქებულაძე.
250 _aმე-2 გამოც.
264 _aთბილისი :
_bგანათლება,
_c1974.
300 _a396 გვ.;
_c22 სმ.
653 _aქიმიურ საწარმოთა ორგანიზაცია და დაგეგმვა
700 _aქებულაძე, ალ.
_eრედაქტორი
_91267
942 _cBK
_2udc